000 00301nam a22001097a 4500
008 170105b xxu||||| |||| 00| 0 eng d
020 _a9781435489189
041 _aeng
080 _28TH
_a618.2
245 _aPHARMALOGICAL ASPECTS of NURSING CARE
_cBROYLES, B.E & REISS, B.S & EVANS, M.E
942 _2udc
_cBK
999 _c2544
_d2544